| 000 | 00593nam a2200193 a 4500 | ||
|---|---|---|---|
| 003 | OSt | ||
| 005 | 20240226121911.0 | ||
| 008 | 180228t1978 pk | |||| 000 1 urd d | ||
| 040 | _c0 | ||
| 082 |
_a891.4393 _bHAJ 1978 |
||
| 100 | 1 | 0 |
_aحجازی،نسيم _947098 |
| 245 | 1 | 0 |
_aسو سال بعد _cNaseen Hajazi |
| 246 | _aSoo sal Baad | ||
| 260 |
_aLahore: _bJahangir Books; _c1978. |
||
| 300 | _a143 p. | ||
| 650 |
_aUrdu literature _vFiction _9121240 |
||
| 942 |
_2ddc _cBK _aSADA _k891.4393 HAJ 1978 |
||
| 999 |
_c608172 _d608172 |
||